000 00871nam a2200217 a 4500
001 21499
003 CO-ViMGA
008 141112s2004 ck r 000 u spa d
020 _a8482723850
040 _aCO-ViMGA
_bspa
_cCO-ViMGA
082 0 4 _a345.028 R393a
100 1 _aReyes Echandía, Alfonso
_930696
245 1 0 _aAntijuridicidad
260 _aBogotá :
_bTemis,
_c1999
300 _a296
505 _aEl aspecto positivo de la antijuridicidad 3 - - El aspecto negativo de la antijuridicidad 62 - - La legítima defensa 98 - - Causas extrapenales de justificación 255 - - Exceso y consecuencias civiles 268
590 _aForma de adquisición : Donación fact. 8848 - - Precio : 36000 - - Proveedor : Fundación exito - - Fecha de adquisición : Junio 2007
650 1 4 _aDERECHO PENAL - COLOMBIA
650 1 4 _aLEGALIDAD - COLOMBIA
_930697
942 _2ddc
_cBK
999 _c30092
_d30092